000 00723nam a2200217 a 4500
001 BRCA_883
005 20190320203206.0
008 261005s1992----us-a---###---#000-0#eng-d
020 _a0963287001
050 4 _aNK7143
_b.E54 1992
245 1 0 _aEnglish silver
_bMasterpices by Omar Ramsden
_cintroduction by Eric Turner ; Lynn Springer Roberts.
260 _aNueva York
_bDavis A. Hanks
_c1992
300 _a79 p.
_bil. (algunas a color)
_c30 cm.
440 0 _aColección Campbell
_92941
600 1 4 _aOmar Ramsden
_d1873-1939
_92942
650 1 4 _aColecciones y coleccionistas
_vCatálogos
_zEstados Unidos
_92943
653 0 _aPlata
700 1 _aTurner, Eric
_92944
700 1 _aSpringer Roberts, Lynn
_92945
942 _2lcc
_cB
999 _c778
_d778